• 首页
  • 本馆介绍
  • 公告通知
  • 最新文献
  • 馆藏检索
  • 电子资源
  • 读者导购
  • 参考咨询
  • 我的图书馆
  • 登录
  • 详细信息显示
  • 放入我的书架
  • 预约/预借图书
  • 作者相关作品
  • 分类相关作品
  • 丛书相关作品
  • 出版社相关作品

书目信息

  • 表格格式
  • 工作单格式
  • 卡片格式
题名:
无人驾驶
    
 
作者: 施瓦茨 , 凯利 著 ;李建华 , 杨志华 译
分册:  
出版信息: 北京   机械工业出版社  2021.4
页数: 20,215页
开本: 24cm
丛书名:
单 册:
中图分类: U471.1
科图分类:
主题词: 汽车驾驶--无人驾驶--研究
电子资源:
ISBN: 978-7-111-67381-1
000 01201nam0 2200289 45
001 012001000891
005 20130912093043.0
010    @a978-7-111-67381-1@dCNY79.00
100    @a20210615d2021 em y0chiy50 ea
101 1  @achi@ceng
102    @aCN@b110000
105    @aa z 000yy
106    @ar
200 1  @a无人驾驶@Awu ren jia shi@b专著@e重新思考未来交通@f(美)塞缪尔·I. 施瓦茨(Samuel I. Schwartz),(美)凯伦·凯利(Karen Kelly)著@g李建华,杨志华译
210    @a北京@c机械工业出版社@d2021.4
215    @a20,215页@c图@d24cm
300    @a并列题名:No one at the wheel
330    @a本书以当前无人驾驶汽车的研发热潮与普及趋势为背景,讨论了无人驾驶技术的发展对社会经济、政治、伦理、交通、商业、家庭、个人职业发展、健康与家庭幸福等的影响与冲击,并提出了一系列应对方案与建议。
510 1  @aNo one at the wheel@edriverless cars and the road of the future@zeng
606 0  @a汽车驾驶@x无人驾驶@x研究
690    @aU471.1@v5
701  0 @c(美)@a施瓦茨@Ashi wa ci@c(Schwartz, Samuel I.)@4著
701  0 @c(美)@a凯利@Akai li@c(Kelly, Karen)@4著
702  0 @a李建华@Ali jian hua@4译
702  0 @a杨志华@Ayang zhi hua@4译
801  0 @aCN@bBJSDL@c20211011
905    @b1336116-9@dU471.1@e1059@f4
    
    无人驾驶:重新思考未来交通/(美)塞缪尔·I. 施瓦茨(Samuel I. Schwartz),(美)凯伦·凯利(Karen Kelly)著/李建华,杨志华译.-北京:机械工业出版社,2021.4
    20,215页:图;24cm
    并列题名:No one at the wheel
    
    ISBN 978-7-111-67381-1:CNY79.00
    本书以当前无人驾驶汽车的研发热潮与普及趋势为背景,讨论了无人驾驶技术的发展对社会经济、政治、伦理、交通、商业、家庭、个人职业发展、健康与家庭幸福等的影响与冲击,并提出了一系列应对方案与建议。
●
相关链接 在E读中查询图书 在五车中查询图书 在当当中查询图书 在豆瓣中查询图书


正题名:无人驾驶     索取号:U471.1/1059         预约/预借

序号 登录号 条形码 馆藏地/架位号 状态 备注
1 1336116   213361164   第二样本阅览室/ [索取号:U471.1/1059] 在馆    
2 1336117   213361173   第三借阅区/ [索取号:U471.1/1059] 在馆    
3 1336118   213361182   第三借阅区/ [索取号:U471.1/1059] 在馆    
4 1336119   213361191   第三借阅区/ [索取号:U471.1/1059] 在馆    
唐山师范学院图书馆 欢迎您!
大连网信软件有限公司© 版权所有